00450nam a22001697a 450000500170000000800410001702000270005804000090008504100120009408200150010610000180012124500690013925000080020826000300021630000080024665000260025420260515151354.0260515b |||||||| |||| 00| 0 eng d a9783642269905c6878.54 aMAIN aEnglish a511.6bJUK aJukna, Stasys aExtremal Combinatorics b: With Applications in Computer Science a2nd aGermany bSpringer c2011 a405 aMathematics (PM USHA)